Welcome to the Holygrace Academy Library

Please use search bar below to get started

SMALLEST GIANT AND OTHER STORIES (Record no. 5850)

MARC details
000 -LEADER
fixed length control field 00299nam a22001337a 4500
020 ## - INTERNATIONAL STANDARD BOOK NUMBER
ISBN 0-75253-412-2
082 ## - DEWEY DECIMAL CLASSIFICATION NUMBER
Classification number 823
Item number PAR/S
100 ## - MAIN ENTRY--AUTHOR NAME
Personal name PARRAGON BOOKS
245 ## - TITLE STATEMENT
Title SMALLEST GIANT AND OTHER STORIES
260 ## - PUBLICATION, DISTRIBUTION, ETC. (IMPRINT)
Place of publication UK
Name of publisher PARRAGON BOOKS
Year of publication 2001
300 ## - PHYSICAL DESCRIPTION
Number of Pages 190
520 ## - SUMMARY, ETC.
Summary, etc SHORT STORY
942 ## - ADDED ENTRY ELEMENTS (KOHA)
Koha item type Books
Holdings
Withdrawn status Lost status Collection code Home library Current library Shelving location Date acquired Source of acquisition Full call number Accession Number Koha item type
    Fiction Main Library Main Library SHELF 15-I-CHILDREN'S STORYBOOKS 22/03/2014 Purchase 823 PAR/S 08090 Books